The comparison of income taking from non-timber forest product in community forestry at sraeampum commuce pechrada distridt mondulkiri province, ការប្រៀបថៀបពីប្រាក់ចំណូលដែលបានពីអនុផលព្រៃឈើរបស់សហគមន៍ព្រៃឈើនៅក្នុងឃុំស្រែអំពូម ស្រុកពេជ្រាដា ខេត្តមណ្ឌលគីរី (Record no. 3392)

000 -LEADER
fixed length control field 00818nam a22001337a 4500
040 ## - CATALOGING SOURCE
Transcribing agency RUA
082 ## - DEWEY DECIMAL CLASSIFICATION NUMBER
Classification number FOR SRE 2010 B139 Or.1
100 ## - MAIN ENTRY--AUTHOR NAME
Personal name SRENG, SYNEATH.
245 ## - TITLE STATEMENT
Title The comparison of income taking from non-timber forest product in community forestry at sraeampum commuce pechrada distridt mondulkiri province, ការប្រៀបថៀបពីប្រាក់ចំណូលដែលបានពីអនុផលព្រៃឈើរបស់សហគមន៍ព្រៃឈើនៅក្នុងឃុំស្រែអំពូម ស្រុកពេជ្រាដា ខេត្តមណ្ឌលគីរី
260 ## - PUBLICATION, DISTRIBUTION, ETC. (IMPRINT)
Place of publication Phnom Penh
Name of publisher RUA
Year of publication 2010
300 ## - PHYSICAL DESCRIPTION
Number of Pages x; 43p.
Other physical details ill.
Dimensions 29cm.
856 ## - ELECTRONIC LOCATION AND ACCESS
Uniform Resource Identifier https://drive.google.com/file/d/1r7l2HbLWO8H0sKT4tVZQWcnK7BTiq8Fc/view?usp=sharing
942 ## - ADDED ENTRY ELEMENTS (KOHA)
Koha item type FOR
952 ## - LOCATION AND ITEM INFORMATION (KOHA)
Withdrawn status [LOCAL, KOHA] 0
952 ## - LOCATION AND ITEM INFORMATION (KOHA)
Withdrawn status [LOCAL, KOHA] 0
952 ## - LOCATION AND ITEM INFORMATION (KOHA)
Withdrawn status [LOCAL, KOHA] 0
952 ## - LOCATION AND ITEM INFORMATION (KOHA)
Withdrawn status [LOCAL, KOHA] 0
952 ## - LOCATION AND ITEM INFORMATION (KOHA)
Withdrawn status [LOCAL, KOHA] 0
952 ## - LOCATION AND ITEM INFORMATION (KOHA)
Withdrawn status [LOCAL, KOHA] 0
952 ## - LOCATION AND ITEM INFORMATION (KOHA)
Withdrawn status [LOCAL, KOHA] 0
952 ## - LOCATION AND ITEM INFORMATION (KOHA)
Withdrawn status [LOCAL, KOHA] 0
952 ## - LOCATION AND ITEM INFORMATION (KOHA)
Withdrawn status [LOCAL, KOHA] 0
952 ## - LOCATION AND ITEM INFORMATION (KOHA)
Withdrawn status [LOCAL, KOHA] 0
Holdings
Permanent Location Date acquired Koha item type Lost status Shelving location Barcode Current Location Full call number
Library Block B2015-11-13FOR B139RUA026106Library Block BFOR SRE 2010 B139 Or.1
Library Block B2015-11-13FOR B139RUA026498Library Block BFOR SRE 2010 B139 Or.2
Library Block B2015-11-13FOR B139RUA026426Library Block BFOR SRE 2010 B139 Or.3
Library Block B2015-11-13FOR B139RUA026199Library Block BFOR SRE 2010 B139 Or.4
Library Block B2015-11-13FOR B139RUA026271Library Block BFOR SRE 2010 B139 Or.5
Library Block B2015-11-13FOR B139RUA026496Library Block BFOR SRE 2010 B139 Or.6
Library Block B2015-11-13FOR B139RUA026065Library Block BFOR SRE 2010 B139 Or.7
Library Block B2015-11-13FOR B139RUA026173Library Block BFOR SRE 2010 B139 Or.8
Library Block B2015-11-13FOR B139RUA026337Library Block BFOR SRE 2010 B139 Or.9
Library Block B2015-11-13FOR B139RUA026394Library Block BFOR SRE 2010 B139 Or.10
មជ្ឈមណ្ឌលឯការនៃសាកលវិទ្យាល័យភូមិន្ទកសិកម្មចំការដូង

Powered by Koha